Normal view
MARC view
- O'Flynn, Colin
Entry Personal Name
001 - CONTROL NUMBER
- control field: 129269
003 - CONTROL NUMBER IDENTIFIER
- control field: NUST
005 - DATE AND TIME OF LATEST TRANSACTION
- control field: 20250627145500.0
008 - FIXED-LENGTH DATA ELEMENTS
- fixed length control field: 250627|| aca||aabn | a|a d
040 ## - CATALOGING SOURCE
- Original cataloging agency: NUST
- Transcribing agency: NUST
100 ## - HEADING--PERSONAL NAME
- Personal name: O'Flynn, Colin
670 ## - SOURCE DATA FOUND
- Source citation: Work cat.: (NUST)0: Woudenberg, Jasper van, author. 129266, The hardware hacking handbook :
